header

The sea (Record no. 21443)

MARC details
000 -LEADER
fixed length control field 01376nam a2200337 a 4500
082 04 - DEWEY DECIMAL CLASSIFICATION NUMBER
Classification number 551.46
245 04 - TITLE STATEMENT
Title The sea
260 ## - PUBLICATION, DISTRIBUTION, ETC. (IMPRINT)
Place of publication Ann Arbor, Mich. :
Name of publisher University of Michigan Press,
Year of publication c2013.
300 ## - PHYSICAL DESCRIPTION
Number of Pages 1 online resource (x, 293 p.)
650 #0 - SUBJECT ADDED ENTRY--TOPICAL TERM
Topical Term Oceanography
Topical Term Seas
Topical Term Seas
Topical Term Seas
700 1# - ADDED ENTRY--PERSONAL NAME
Personal name Miller, Peter N.,
856 40 - ELECTRONIC LOCATION AND ACCESS
Uniform Resource Identifier http://site.ebrary.com/lib/rucke/Doc?id=10699905
588 ## -
-- Description based on online resource; title from title page (ebrary, viewed May 24, 2013).

No items available.

© 2026 Rongo University
Contact us: librarian | system librarian | Rongo university